Регионална библиотека "Любен Каравелов" - Русе

Дебнещият страх (Запис номер 170173)

MARC детайли
000 -Лидер
Контролно поле с фиксирана дължина 01359nam a2200325 a 4500
003 - Код на организацията, давaща контролен номер
Контролно поле BLK
005 - Дата и час на последна редакция
Контролно поле 20230713005232.0
008 - Елементи от данни с фиксирана дължина
fixed length control field 180411b bul|||||r ||||||| ||bul||
010 ## - Наследен системен номер
LC control number KNG00178283000
020 ## - Международен стандартен номер на книга ISBN
Международен стандартен номер на книга ISBN 954-444-005-4
040 ## - Източник на каталожния запис
Идентификатор на билиотеката - собственик на записа BLK
041 ## - Код за език
Код за езика на текст/звукозапис или на отделно заглавие Български
Код за езика КДБФ Български
080 ## - УДК
Текстов определител УДК Американска литература (на САЩ)
УДК код - определител по УДК 821.111(73)
УДК определител -322.9
УДК - код + определител 821.111(73)-322.9
100 1# - Редна дума - Автор
Автор Лъвкрафт, Хауърд Филипс
Авторска отговорност първи автор
R(LIN) 308180
139 ## - Редно поле
Редна дума Лъвкрафт, Хауърд Филипс
Авторски знак Лъв - Л 93
245 10 - Сведения за заглавието
Заглавие Дебнещият страх
Подзаглавни данни Фантастика на ужаса : Сб. разкази
Редно поле (дума) Хауърд Филипс Лъвкрафт; състав., прев. от англ. и предг. Любомир Николов
257 ## - Страна на издаване
Страна на създаване/издаване Съединени американски щати
260 ## - Област на издателските данни
Място на издаване, разпространение и проч. София
Име на издателя, разпространителя и проч. Орфия
Година на издаване 1991
300 ## - Физическа характеристика
Страници 158 с.
Размери/Мащаб 17 см
380 ## - Жанр
Жанр Худож. лит.
490 ## - СЕРИИ (Колекции)
Име на серия Фантастика
№: серия 005
9 (RLIN) 201187
ISSN C622-2676
700 ## - Други автори (авторска отговорност)
Лично име Николов, Любомир Славов, 1950 -
Автороска отговорност (Описва отношението между автора и произведението) състав., прев. от англ. и предг.
9 (RLIN) 242031
852 ## - Местоположение
Форматна сигнатура Цб І 25306
856 4# - Електронен адрес и достъп
Електронен формат pdf - файл
Инструкция (цена за достъп) 0.00
Права за достъп disable
856 4# - Електронен адрес и достъп
Електронен формат pdf - файл
Инструкция (цена за достъп) 0.00
Права за достъп disable
999 ## - СИСТЕМНИ КОНТРОЛНИ НОМЕРА
Koha biblionumber 170173
Koha biblioitemnumber 170173
942 ## - АРТИКУЛИ
Вид на библиотечния материал Книги
Скрит в OPAC Не
Периодичен библиозапис Да
944 ## - СЪЗДАВАНЕ И РЕДАКЦИЯ на ЗАПИСА
Създаване/Редакция Създаване
Дата на регистрацията/редакция 07.05.2014
Служител, извършил регистрацията/редакцията
Статус, дата на статуса CRON CRON
944 ## - СЪЗДАВАНЕ И РЕДАКЦИЯ на ЗАПИСА
Създаване/Редакция Редакция
Дата на регистрацията/редакция 06.10.2017
Служител, извършил регистрацията/редакцията Виолета_Тройчева
999 ## - СИСТЕМНИ КОНТРОЛНИ НОМЕРА
Koha biblioitemnumber 170173
Наличности
Код за отписване Код за изгубен артикул Източник на класификационната схема Код за повреда Коз за рестрикции Код за отдаване Артикулен № Име на библиотеката - собственик Име на библиотеката, в която се намира в момента Статус (Текущо местоположение) Дата на вписване в системата Местоположение - отдел Цена в лева Инвентарен номер Систематично азбучна сигнатура Баркод Номер на екземпляра Цена в евро Служебна бележка Служебен тип на артикула Бележка за публиката
  Не е изгубен Universal Decimal Classification Не е повреден без рестрикции ползва се в читалня 288136 Регионална библиотека "Любен Каравелов" Русе Регионална библиотека "Любен Каравелов" Русе Хранилище 1991-01-01 Хранилище 7.00 563318 Цб І 25306 120000563318 1 3.58 Дост: Dp Вид: Сф Дата: 01.01.1991 Книги  
Изтеглен Не е изгубен Universal Decimal Classification Не е повреден без рестрикции заемане за дома 288137 Регионална библиотека "Любен Каравелов" Русе Регионална библиотека "Любен Каравелов" Русе Заемна - подръчен фонд 1991-01-01 Заемна - подръчен фонд 7.00 572718 П 820(73)-32/Л 93 572718 2 3.58 Дост: Pk Вид: Сф Дата: 01.01.1991 Книги  
Изтеглен Не е изгубен Universal Decimal Classification Не е повреден без рестрикции заемане за дома 288138 Регионална библиотека "Любен Каравелов" Русе Регионална библиотека "Любен Каравелов" Русе Заемна - подръчен фонд 1991-01-01 Заемна - подръчен фонд 7.00 561598 П 820(73)-32/Л 93 561598 3 3.58 Дост: Pk Вид: Сф Дата: 01.01.1991 Книги  
Изтеглен Не е изгубен Universal Decimal Classification Не е повреден без рестрикции заемане за дома 288139 Регионална библиотека "Любен Каравелов" Русе Регионална библиотека "Любен Каравелов" Русе Заемна - подръчен фонд 1991-01-01 Заемна - подръчен фонд 7.00 561594 П 820(73)-32/Л 93 561594 4 3.58 Дост: Pk Вид: Сф Дата: 01.01.1991 Книги  
Изтеглен Не е изгубен Universal Decimal Classification Не е повреден без рестрикции заемане за дома 288140 Регионална библиотека "Любен Каравелов" Русе Регионална библиотека "Любен Каравелов" Русе Заемна - подръчен фонд 1991-01-01 Заемна - подръчен фонд 7.00 561592 П 820(73)-32/Л 93 561592 5 3.58 Дост: Pk Вид: Сф Дата: 01.01.1991 Книги  
Изтеглен Не е изгубен Universal Decimal Classification Не е повреден без рестрикции заемане за дома 288141 Регионална библиотека "Любен Каравелов" Русе Регионална библиотека "Любен Каравелов" Русе Заемна - подръчен фонд 1991-01-01 Заемна - подръчен фонд 7.00 573779 П 820(73)-32/Л 93 573779 6 3.58 Дост: Pk Вид: Сф Дата: 01.01.1991 Книги  
Изтеглен Не е изгубен Universal Decimal Classification Не е повреден без рестрикции заемане за дома 288142 Регионална библиотека "Любен Каравелов" Русе Регионална библиотека "Любен Каравелов" Русе Заемна - подръчен фонд 1991-01-01 Заемна - подръчен фонд 7.00 573777 П 820(73)-32/Л 93 573777 7 3.58 Дост: Pk Вид: Сф Дата: 01.01.1991 Книги  
Изтеглен Не е изгубен Universal Decimal Classification Не е повреден без рестрикции заемане за дома 288143 Регионална библиотека "Любен Каравелов" Русе Регионална библиотека "Любен Каравелов" Русе Детски отдел 1991-01-01 Детски отдел 7.00 572720 ДХ 820/899/Л 93 572720 8 3.58 Дост: Pk Вид: Сф Дата: 01.01.1991 Дата инв: 12.09.2015 Бележки инв: Д2015 Книги  
Изтеглен Не е изгубен   Не е повреден без рестрикции заемане за дома 288144 Регионална библиотека "Любен Каравелов" Русе Регионална библиотека "Любен Каравелов" Русе   1991-01-01 Детски отдел 0.70 561602 ДХ 820/899/Л 93 561602 9 0.36 Дост: Pk Вид: Сф Дата: 01.01.1991 Дата инв: 12.09.2015 Бележки инв: Д2015 Книги Отч.N: 47/2017 , Дата: 05.10.2017
Vip Innovations Ltd, Rousse, Bulgaria 2025